Psicología para todos: guía completa para el crecimiento personal (Registro nro. 4753)
[ vista simple ]
| 000 -CABECERA | |
|---|---|
| campo de control de longitud fija | 00812aam a2200277 4500 |
| 005 - FECHA Y HORA DE ACTUALIZACIÓN | |
| campo de control | 20170117144941.0 |
| 008 - LONGITUD FIJA | |
| campo de control de longitud fija | 150417b xxu||||| |||| 00| 0 spa d |
| 041 ## - IDIOMA | |
| Código de idioma del texto/pista de sonido o título separado | |
| 082 ## - CLASIFICACIÓN DECIMAL DEWEY | |
| Número de clasificación | 155.2 P974p |
| 245 ## - TÍTULO PROPIAMENTE DICHO | |
| Título | Psicología para todos: guía completa para el crecimiento personal |
| 260 ## - PIE DE IMPRENTA | |
| Lugar de publicación, distribución, etc. | España |
| Nombre del editor, distribuidor, etc. | Océano |
| Fecha de publicación, distribución, etc. | 2008 |
| 300 ## - DESCRIPCIÓN FÍSICA | |
| Extensión | 962 páginas |
| 500 ## - NOTA GENERAL | |
| Nota general | Tomo IV |
| 650 ## - Materia General | |
| Materia general | PSICOLOGÍA INDIVIDUAL |
| 650 ## - Materia General | |
| Materia general | TRANSTORNOS |
| 650 ## - Materia General | |
| Materia general | SOMATIZACIONES |
| 650 ## - Materia General | |
| Materia general | TERAPIAS |
| 650 ## - Materia General | |
| Materia general | ENFERMEDADES |
| 650 ## - Materia General | |
| Materia general | MEDICINA PSICOSOMÁTICA |
| 650 ## - Materia General | |
| Materia general | SALUD |
| 650 ## - Materia General | |
| Materia general | TRANSTORNOS MENTALES |
| 650 ## - Materia General | |
| Materia general | ORÍGENES DE PSICOLOGÍA |
| 650 ## - Materia General | |
| Materia general | CONDUCTA |
| 650 ## - Materia General | |
| Materia general | MODIFICACIÓN TERAPÉUTICA |
| 942 ## - Punto de Acceso Adicional Koha | |
| Tipo de ítem Koha | Libro |
| Estado perdido | Estado dañado | No para préstamo | Biblioteca permanente | Biblioteca actual | Signatura completa | Código de barras | Precio efectivo a partir del | Tipo de ítem |
|---|---|---|---|---|---|---|---|---|
| Departamento de Biblioteca y Documentación Alfonso Chase Brenes | Departamento de Biblioteca y Documentación Alfonso Chase Brenes | 155.2 P974p | 1805 | 18/01/2017 | Libro |